History - American | 0 | 6 | 0 | 0 | 60 | 87 | 96.17 | 0 | 1 |
History - Cross, Historiography, and Miscellaneous | 0 | 4 | 0 | 0 | 40 | 76 | 98.25 | 0 | 0 |
Current Events - World | 1 | 2 | 0 | 0 | 35 | 52 | 93.00 | 0 | 1 |
Literature - American | 0 | 3 | 0 | 0 | 30 | 102 | 113.33 | 0 | 0 |
Current Events - U.S. | 1 | 1 | 0 | 0 | 25 | 51 | 66.50 | 0 | 0 |
Fine Arts - Music | 0 | 2 | 0 | 0 | 20 | 112 | 113.50 | 0 | 0 |
Geography - World | 0 | 2 | 0 | 0 | 20 | 92 | 105.50 | 0 | 0 |
Fine Arts - Miscellaneous | 0 | 2 | 0 | 0 | 20 | 113 | 119.00 | 0 | 0 |
History - European | 0 | 2 | 0 | 0 | 20 | 91 | 99.00 | 0 | 0 |
History - World | 0 | 2 | 0 | 0 | 20 | 106 | 109.50 | 0 | 0 |
Other - Other Academic and General Knowledge | 0 | 2 | 0 | 0 | 20 | 88 | 89.00 | 0 | 0 |
Literature - World and Miscellaneous | 0 | 1 | 0 | 0 | 10 | 87 | 87.00 | 0 | 0 |
Fine Arts - Architecture | 0 | 1 | 0 | 0 | 10 | 117 | 117.00 | 0 | 0 |
Fine Arts - Photography | 0 | 1 | 0 | 0 | 10 | 131 | 131.00 | 0 | 0 |
RMP - Christian Practice | 0 | 1 | 0 | 0 | 10 | 89 | 89.00 | 0 | 0 |
Science - Math | 0 | 1 | 0 | 0 | 10 | 115 | 115.00 | 0 | 0 |
Fine Arts - Jazz | 0 | 1 | 0 | 0 | 10 | 131 | 131.00 | 0 | 0 |
RMP - World Mythology | 0 | 0 | 0 | 0 | 0 | | 0.00 | 0 | 0 |